000 00399nam a22001697a 4500
003 NUST - PNEC
005 20170116181102.0
008 151002b xxu||||| |||| 00| 0 eng d
020 _a-
040 _cLIBRARY
082 _a621.38043 CHI
100 _912410
_aChitode, J. S.
245 _aSignals & systems
_cJ. S. Chitode
260 _c-
650 _912411
_aSignals
_xMS COM
942 _2ddc
_cBK
999 _c68781
_d68781